MARC details
| 000 -LÍDER |
| campo de controle de tamanho fixo |
02024nam a22003497a 4500 |
| 001 - NÚMERO DE CONTROLE |
| campo de controle |
421 |
| 003 - IDENTIFICADOR DO NÚMERO DE CONTROLE |
| campo de controle |
OSt |
| 005 - DATA E HORÁRIO DA ÚLTIMA TRANSAÇÃO |
| campo de controle |
20260129075937.0 |
| 008 - CAMPO DE DADOS FIXOS--INFORMAÇÃO GERAL |
| campo de controle de tamanho fixo |
240823b bl ||||| |||| 00| 0 por d |
| 020 ## - ISBN - INTERNATIONAL STANDARD BOOK NUMBER |
| ISBN - International Standard Book Number |
9788598078908 |
| 040 ## - FONTE DA CATALOGAÇÃO |
| Idioma da catalogação |
por |
| 041 ## - CÓDIGO DE IDIOMA |
| Código do idioma do original e/ou traduções intermediárias do texto |
eng |
| Código do idioma do texto/trilha sonora ou título diferente |
por |
| 082 ## - CDD - CLASSIFICAÇÃO DECIMAL DE DEWEY |
| Número de Classificação |
IJ 028.5 |
| Número do exemplar |
R585u |
| 100 1# - ENTRADA PRINCIPAL--NOME PESSOAL |
| Nome pessoal |
Riordan, Rick, |
| Datas associadas ao nome |
1964- |
| 9 (RLIN) |
745 |
| 240 ## - TÍTULO UNIFORME |
| Título uniforme |
The Last Olimpian |
| 245 ## - TÍTULO |
| Título |
O último Olimpiano / |
| Indicação de responsabilidade, etc. |
Riordan, Rick ; tradução de Raquel Zampil |
| 260 ## - PUBLICAÇÃO, DISTRIBUIÇÃO, ETC. |
| Local de publicação, distribuição, etc. |
Rio de Janeiro: |
| Nome do editor, distribuidor, etc. |
Intrínseca, |
| Data da publicação, distribuição, etc. |
2010. |
| 300 ## - DESCRIÇÃO FÍSICA |
| Extensão |
383 p. ; |
| 490 1# - TÍTULO DA SÉRIE |
| Título da série |
Percy Jackson e Os olimpianos |
| Número do volume ou designação sequencial da série |
vol. 05 |
| 500 ## - NOTA GERAL |
| Nota geral |
Tradução de: The last Olympian |
| 520 ## - NOTA DE RESUMO, ETC. |
| Resumo, etc. |
O aguardado desfecho da série que já ultrapassou a marca de 500 mil exemplares vendidos e é destaque nas principais listas de best-sellers do país. Os meios-sangues passaram o ano inteiro preparando-se para a batalha contra os titãs, e sabem que as chances de vitória são pequenas. O exército de Cronos está mais poderoso que nunca, e cada novo deus ou semideus que se une à causa confere mais força ao vingativo Senhor do Tempo. Enquanto os olimpianos se ocupam de conter a fúria do monstro Tifão, Cronos avança em direção à cidade de Nova York, onde o Monte Olimpo está precariamente vigiado. Agora, apenas Percy Jackson e seu exército de heróis podem detê-lo. Nesse quinto livro da série, o combate que pode acarretar o fim da civilização ocidental ganha as ruas de Manhattan, e Percy tem a terrível sensação de que sua luta, na verdade, é contra o próprio destino. Revelada a sinistra profecia acerca do décimo sexto aniversário do herói, ele enfim encontra seu verdadeiro caminho.<br/> |
| 650 #0 - ASSUNTO--TERMO TÓPICO |
| Cabeçalho tópico ou nome geográfico |
Literatura Americana |
| 9 (RLIN) |
84 |
| 650 #0 - ASSUNTO--TERMO TÓPICO |
| Cabeçalho tópico ou nome geográfico |
Infantojuvenil |
| 9 (RLIN) |
200 |
| 650 #0 - ASSUNTO--TERMO TÓPICO |
| Cabeçalho tópico ou nome geográfico |
Lendas |
| 9 (RLIN) |
611 |
| 650 #0 - ASSUNTO--TERMO TÓPICO |
| Cabeçalho tópico ou nome geográfico |
Mitologia grega. |
| 9 (RLIN) |
610 |
| 650 #0 - ASSUNTO--TERMO TÓPICO |
| Cabeçalho tópico ou nome geográfico |
Literatura fantástica. |
| 655 #0 - TERMO DE ÍNDICE--GÊNERO E FORMA |
| Gênero/forma/ou termo foco |
Romance |
| 655 #0 - TERMO DE ÍNDICE--GÊNERO E FORMA |
| Gênero/forma/ou termo foco |
Ficção |
| 700 ## - ENTRADA ADICIONADA - NOME PESSOAL |
| Nome pessoal |
Zampil, Raquel |
| Função do autor por extenso |
TRADUTORA |
| 9 (RLIN) |
898 |
| 830 ## - ENTRADA SECUNDÁRIA DE SÉRIE--TÍTULO UNIFORME |
| Título uniforme |
Percy Jackson e Os olimpianos |
| 9 (RLIN) |
910 |
| Número do volume ou designação sequencial da série |
vol. 05 |
| 942 ## - ELEMENTOS DE ENTRADA ADICIONADOS (KOHA) |
| Fonte de classificação ou esquema de arquivamento |
Classificação decimal de Dewey |
| Tipo de material Koha |
Livros |